All Lilo and Stitch characters by screen time - Statistics

General Stats
  • This quiz has been taken 15 times
  • The average score is 6 of 12
Answer Stats
% Of Movie Screen Time Answer % Correct
36.48 31:05 Lilo Pelekai
100%
39.36 33:32 Stitch
100%
5.61 4:47 David Kawena
64%
14.79 12:36 Dr. Jumba Jookiba
64%
29.95 25:31 Nani Pelekai
64%
10.72 9:08 Wendell Pleakley
57%
7.59 6:28 Cobra Bubbles
43%
5.99 5:06 Captain Gantu
21%
7.26 6:11 Grand Councilwoman
21%
3.03 2:35 Mertle Edmonds
7%
1.98 1:41 Moses Puloki
7%
1.82 1:33 Susan Hegarty
0%
No matching quizzes found
Score Distribution
Percent of People with Each Score
Percentile by Number Answered
Your Score History
You have not taken this quiz